| 000 | 04198nam a22004217a 4500 | ||
|---|---|---|---|
| 001 | BRCA_9316 | ||
| 002 | LM-8 (19-48) | ||
| 003 | FranzMayer | ||
| 005 | 20260505163916.0 | ||
| 006 | a||||gr|||| 00| d | ||
| 007 | ta | ||
| 008 | 251211s1798 sp a|||grf||| 00| 0 spa d | ||
| 040 |
_aBMFMF _bspa |
||
| 041 | 0 | _aspa | |
| 050 | 4 |
_aTS545 _b.R56 1798 (LM-8 (19-48)) |
|
| 100 | 1 |
_aRio, Manuel de _d(ca. 1690-1766) _930090 |
|
| 245 | 1 | 0 |
_aArte de reloxes de ruedas, para torre, sala, y faltriquera. Tomo primero / _c Manuel del Rio |
| 246 | 1 | 0 | _aArte de relojes de ruedas, para torre, sala y faltriquera |
| 260 |
_aMadrid, España : _ben la oficina de don Antonio Cruzado Reimpresos á costa de don Ramon Duran (su discípulo) , _c1798 |
||
| 300 |
_a360 páginas : _bGrabados , _c21 x 15 x 3.5 cm |
||
| 520 | 3 |
_aObra publicada por primera vez en 1759 en España. Sin embargo, esta edición corresponde a una publicada casi cuarenta años despúes. Este libro es el primero de dos tomos y en él se explican temas relacionados tanto con el mantenimiento, como con la construcción y mecánica o funcionamento de distintos tipos de relojes. _bUno de los mayores aportes de este tratado es que Manuel del Río fue el primero en dar instrucciones para la construcción de relojes autómatas para iglesias. Además, incluye varios grabados de Cipriano Maré con ilustraciones de relojes, herramientas, engranajes y otros elementos gráficos. |
|
| 563 | _aOtras referencias físicas: Encuadernación entera en piel decorada. El papel del cuerpo del libro está formado por pulpa de trapo, hecho a mano, con marcas de verjurado y marcas de agua. El cuerpo del libro está formado por cuadernillos unidos mediante costura alternada sobre dos soportes de material no identificado; las prolongaciones se usaron para unir el cuerpo a la cartera. Hojas de guarda decoradas, con marcas de verjurado. Lomera ligeramente redondeada y adherida al lomo. Cantos del cuerpo refinados más de una vez y pulidos. Soportes de las tapas de cartón. Decoración con dorado en el lomo. Las costillas no corresponden al número de soportes de costura y están marcadas a través de la decoración. Tiene 6 casillas, dos de ellas con tejuelos negros y el texto grabado en dorado (en la segunda casilla el título y en la tercera casilla el número "1"). Texto impreso | ||
| 591 | _aEstado de Conservación: Bueno | ||
| 591 | _aDescripción de conservación: Suciedad general, manchas y dobleces mínimos, amarillamiento y foxing. Cantos de las tapas abrasionados, puntas de pie ligeramente desnudas y pérdida de la última capa de piel en diversas zonas del lomo | ||
| 592 | _aMarcas Adicionales: - Resto del título e información en portada: <<Dividia en dos tomos, é iluminada con trece estampas finas, en que están retratadas varias invenciones, y los instrumentos de la reloxería, con instrucciones fáciles, para que todos los ingeniosos puedan ser pefectos reloxeros sin tener maestro. Lleva tambien las repeticiones: los diferentes calculos de todas las clases de reloxes, desde viente y quatro horas de cuerda, hasta cuerda de año: las diversas enfermedades, que padecen los reloxes viejos, con eficaces medicinas para curarlos: Direcciones para regirlos: Y muchos casos en que los dueños podrán componerlos por sí mismos, sin necesitar Reloxeros>>. Incluye 10 láminas desplegables con grabados calcográficos en los que se ilustra la maquinaría de los relojes. Fe de erratas en la última página | ||
| 593 | _aTratados, compendios y manuales | ||
| 648 | 0 |
_aViceroyalty period _yViceroyalty (1535-1821) _930071 |
|
| 650 | 1 | 0 |
_aWatchmaking and clockmaking _xEarly works to 1800 _930091 |
| 650 | 1 | 0 |
_aClocks and pocket watches _xDesign and construction _930092 |
| 651 | 0 |
_aSpain _930093 |
|
| 700 | 1 |
_aMaré, Cipriano _d(1775-1814) _egrabador _930094 |
|
| 700 | 1 |
_aCruzado, Antonio _d(fl. 1794-1800) _eimpresor _930095 |
|
| 700 | 1 |
_aDurán, Ramón _d(fl. 1798) _eeditor _930096 |
|
| 856 | 4 | 1 |
_qTIF//PDF _uhttps://bibliotecadigital.franzmayer.org.mx/items/24437c1d-eb67-41f2-8ae6-63356251b0bc _yBiblioteca Digital Franz Mayer |
| 902 |
_aKH _aTV _aMF |
||
| 942 |
_2lcc _cB |
||
| 960 | _aCS-L3-N2 | ||
| 999 |
_c11098 _d11098 |
||